000 00855nas a2200277 4500
001 BR9201727
003 BR-BrBNA
005 20231205092436.0
007 ta
008 230509b bl.|||p| |||| 00| 00por d
040 _aBR-BrBNA
_bpor
_cBiblioteca Nacional de Agricultura
041 _a(En)
072 _aL53
100 1 _aBenevides Filho, I.M.
100 1 _aPinheiro, L.E.L.
100 1 _aRodrigues, C.F.M.
100 1 _aCarvalho, C.
245 1 _aPresumptive polyspermy in embryos from superovulated cows
246 1 _aPresumptive polyspermy in embryos from superovulated cows
650 _aVACA
650 _aOVULACAO
650 _aEMBRIAO ANIMAL
773 0 _tRevista Brasileira de Reproducao Animal (Brazil)
_xISSN 0102-0803
_g(1990), v. 14(1) p. 13-22
_wBR9201727
909 _a202311
_bLúcia
_c55
_dLúcia Elande
942 _2AGRIS
_n0
_cANA
999 _c131738
_d131738